[Event "Mittelfranken-chTB2a 1920"]
[Site "Mittelfranken"]
[Date "2019.10.13"]
[Round "1.7"]
[White "Stoll, Tobias"]
[Black "Metten, Hans Peter"]
[Result "1/2-1/2"]
[WhiteElo "1687"]
[BlackElo "1710"]
[PlyCount "60"]
[EventDate "2019.10.13"]
[EventType "team-tourn"]
[EventRounds "9"]
[EventCountry "GER"]
[SourceTitle "EXT 2023"]
[Source "ChessBase"]
[SourceDate "2022.10.05"]
[SourceVersion "1"]
[SourceVersionDate "2022.10.05"]
[SourceQuality "1"]
[WhiteTeam "Cadolzburg"]
[BlackTeam "Fuerth SG II"]
[WhiteTeamCountry "GER"]
[BlackTeamCountry "GER"]

1. e4 e6 2. d4 d5 3. Nc3 Nf6 4. e5 Nfd7 5. Nf3 c5 6. Be3 cxd4 7. Bxd4 a6 8. Be2 Nc6 9. Qd2 Qc7 10. Qe3 Bb4 11. 0-0 Nxd4 12. Qxd4 Bxc3 13. bxc3 Qc5 14. Bd3 Qxd4 15. cxd4 Ke7 16. Rab1 b5 17. a4 bxa4 18. Rb4 a5 19. Rxa4 Ba6 20. Rxa5 Bxd3 21. Rxa8 Rxa8 22. cxd3 h6 23. h3 Ra3 24. Rd1 Nb8 25. Rc1 Rxd3 26. Rc7+ Nd7 27. Kf1 Ra3 28. Ke2 Kd8 29. Rb7 Ra2+ 30. Nd2 Ra4 1/2-1/2